Costa Orientale Africana - Statistics

Statistiche generali
  • Questo quiz è stato fatto 2.828 volte
  • Il punteggio medio è 8 su 9
Risposte nella Mappa
Le risposte nella mappa del quiz sottostante sono codificate secondo una scala di colori dal rosso al verde in base alla % di persone che hanno risposto correttamente.
 
Statistiche sulle risposte
Paese % Corretto
Egitto
99%
Sudan
94%
Eritrea
90%
Somalia
86%
Gibuti
84%
Sudafrica
84%
Kenya
83%
Tanzania
83%
Mozambico
81%
Nessun quiz corrispondente trovato
Distribuzione punteggi
Percentuale di utenti per punteggio
Percentile per numero di risposta
I tuoi punteggi nel tempo
Non hai fatto questo quiz